01372cam a2200373 a 4500001001400000003000800014005001700022006001900039007001500058008004100073020003800114040003000152049002600182050002300208082002000231100004000251245011900291260005500410300004700465504005100512521001700563588004700580650004900627650003900676650003200715655002900747700001900776700003100795710001600826776003500842856008600877942001600963999001900979EDZ0000158879StDuBDS20161031105240.0m||||||||d||||||||cr |||||||||||130912s2011 ii a fo| 001|0|eng|d a9788132112952 (ebook) :cNo price aStDuBDSbengcStDuBDSepn aAlfaisal Main Library 0aHG187.4b.S86 201104a332.10917672231 aSundararajan, Venkataraman,d-2010.10aIslamic financeh[electronic resource] /cwritings of V. Sundararajan ; edited by Jaseem Ahmed, Harinder S. Kohli. aNew Delhi ;aThousand Oaks, Calif. :bSAGE,c2011. a1 online resource (xxxiii, 291 p.) :bill. aIncludes bibliographical references and index. aSpecialized. aDescription based on print version record. 0aBanks and bankingxReligious aspectsxIslam. 0aFinancexReligious aspectsxIslam. 0aFinancezIslamic countries. 7aElectronic books.2local1 aAhmed, Jaseem.1 aKohli, Harinder S.,d1945-2 aSage eBooks08iPrint version :z978813210706440uhttp://ezproxy.alfaisal.edu/login?url=http://sk.sagepub.com/books/islamic-finance 2lcccEBOOKS c482656d482656